Catálogo
 En Linea

La ascensión secreta : (Registro nro. 41782)

Detalles MARC
000 -CABECERA
campo de control de longitud fija 00895nam a2200229 a 4500
001 - NÚMERO DE CONTROL
campo de control 000042293
005 - FECHA Y HORA DE LA ÚLTIMA TRANSACCIÓN
campo de control 20201002040047.0
008 - DATOS DE LONGITUD FIJA--INFORMACIÓN GENERAL
campo de control de longitud fija 131122s1991 sp 000 0 spa d
020 ## - NÚMERO INTERNACIONAL ESTÁNDAR DEL LIBRO
Número Internacional Estándar del Libro 8427015496
040 ## - FUENTE DE LA CATALOGACIÓN
Centro catalogador/agencia de origen DO-SdBNP
Lengua de catalogación spa
Centro/agencia transcriptor BNPHU
082 ## - NÚMERO DE LA CLASIFICACIÓN DECIMAL DEWEY
Número de clasificación xxx
Número de documento/Ítem B622a
100 1# - ENTRADA PRINCIPAL--NOMBRE DE PERSONA
Nombre de persona Bishop, Michael,
Fechas asociadas al nombre 1945-
9 (RLIN) 69341
240 10 - TÍTULO UNIFORME
Título uniforme The secret ascension, or, Philip K. Dick is dead, alas.
Lenguaje de la obra eng
245 13 - MENCIÓN DE TÍTULO
Título La ascensión secreta :
Resto del título Llorad, Philip K. Dick ha muerto /
Mención de responsabilidad, etc. Michael Bishop ; traducción de Eduardo G. Murillo.
260 ## - PUBLICACIÓN, DISTRIBUCIÓN, ETC.
Lugar de publicación, distribución, etc. Barcelona :
Nombre del editor, distribuidor, etc. Alcor,
Fecha de publicación, distribución, etc. 1991.
300 ## - DESCRIPCIÓN FÍSICA
Extensión 363 p. ;
Dimensiones 22 cm.
490 1# - MENCIÓN DE SERIE
Mención de serie Narrativa fantástica
500 ## - NOTA GENERAL
Nota general Título de la cubierta: La ascensión secreta o Llorad, Philip K. Dick ha muerto.
500 ## - NOTA GENERAL
Nota general Incluye datos biográficos del autor en la solapa de la contracubierta
700 12 - PUNTO DE ACCESO ADICIONAL--NOMBRE DE PERSONA
Nombre de persona Murillo, Eduardo G.
Término indicativo de función/relación tr.
9 (RLIN) 10630
830 #0 - PUNTO DE ACCESO ADICIONAL DE SERIE-TÍTULO UNIFORME
Título uniforme Narrativa fantástica
9 (RLIN) 69342
Existencias
Estado de retiro Estado de pérdida Restricciones de uso No para préstamo Código de colección Localización permanente Ubicación/localización actual Ubicación en estantería Fecha de adquisición Número de inventario Total de préstamos Signatura topográfica completa Código de barras Fecha visto por última vez Precio válido a partir de Tipo de ítem Koha
      Excluido de préstamo Monografías: Libros y Folletos General General En catalogación 22.11.2013 LF1   xxx B622a 42293-10 25.06.2020 25.06.2020 No se presta

Con tecnología Koha